<?xml version="1.0" encoding="UTF-8"?>
<record
    xmlns:xsi="http://www.w3.org/2001/XMLSchema-instance"
    xsi:schemaLocation="http://www.loc.gov/MARC21/slim http://www.loc.gov/standards/marcxml/schema/MARC21slim.xsd"
    xmlns="http://www.loc.gov/MARC21/slim">

  <leader>00710nam a2200181Ia 4500</leader>
  <controlfield tag="008">090630s9999    xx            000 0 und d</controlfield>
  <datafield tag="082" ind1=" " ind2=" ">
    <subfield code="b">19216</subfield>
  </datafield>
  <datafield tag="100" ind1=" " ind2=" ">
    <subfield code="a">&#x92E;&#x902;&#x917;&#x933;&#x935;&#x947;&#x922;&#x947;&#x915;&#x930; &#x930;&#x93E;&#x91C;&#x93E;.</subfield>
  </datafield>
  <datafield tag="245" ind1=" " ind2=" ">
    <subfield code="a">&#x92C;&#x93E;&#x930;&#x93E; &#x92D;&#x93E;&#x90A; &#x906;&#x923;&#x93F; &#x90F;&#x915; &#x92C;&#x939;&#x940;&#x923;.</subfield>
    <subfield code="c">&#x92E;&#x902;&#x917;&#x933;&#x935;&#x947;&#x922;&#x947;&#x915;&#x930; &#x930;&#x93E;&#x91C;&#x93E;.</subfield>
  </datafield>
  <datafield tag="260" ind1=" " ind2=" ">
    <subfield code="b">&#x92E;&#x927;&#x941;&#x930;&#x93E;&#x91C; - &#x92A;&#x941;&#x923;&#x947;.</subfield>
    <subfield code="c">1999</subfield>
  </datafield>
  <datafield tag="300" ind1=" " ind2=" ">
    <subfield code="a">62</subfield>
  </datafield>
  <datafield tag="600" ind1=" " ind2=" ">
    <subfield code="a">&#x92E;&#x902;&#x917;&#x933;&#x935;&#x947;&#x922;&#x947;&#x915;&#x930; &#x930;&#x93E;&#x91C;&#x93E;.</subfield>
  </datafield>
  <datafield tag="630" ind1=" " ind2=" ">
    <subfield code="a">&#x92C;&#x93E;&#x930;&#x93E; &#x92D;&#x93E;&#x90A; &#x906;&#x923;&#x93F; &#x90F;&#x915; &#x92C;&#x939;&#x940;&#x923;.</subfield>
  </datafield>
  <datafield tag="655" ind1=" " ind2=" ">
    <subfield code="a">&#x92C;&#x93E;&#x932;&#x935;&#x93E;&#x919;&#x92E;&#x92F;.</subfield>
  </datafield>
  <datafield tag="700" ind1=" " ind2=" ">
    <subfield code="a">&#x92E;&#x902;&#x917;&#x933;&#x935;&#x947;&#x922;&#x947;&#x915;&#x930; &#x930;&#x93E;&#x91C;&#x93E;.</subfield>
  </datafield>
  <datafield tag="730" ind1=" " ind2=" ">
    <subfield code="a">&#x92C;&#x93E;&#x930;&#x93E; &#x92D;&#x93E;&#x90A; &#x906;&#x923;&#x93F; &#x90F;&#x915; &#x92C;&#x939;&#x940;&#x923;.</subfield>
  </datafield>
  <datafield tag="942" ind1=" " ind2=" ">
    <subfield code="c">BOOK</subfield>
  </datafield>
  <datafield tag="999" ind1=" " ind2=" ">
    <subfield code="c">271072</subfield>
    <subfield code="d">271072</subfield>
  </datafield>
  <datafield tag="952" ind1=" " ind2=" ">
    <subfield code="0">0</subfield>
    <subfield code="1">0</subfield>
    <subfield code="4">0</subfield>
    <subfield code="7">0</subfield>
    <subfield code="a">SAWASHRI</subfield>
    <subfield code="b">SAWASHRI</subfield>
    <subfield code="d">2001-08-04</subfield>
    <subfield code="g">35.00</subfield>
    <subfield code="l">0</subfield>
    <subfield code="o">19216</subfield>
    <subfield code="p">SAWASHRI-19216</subfield>
    <subfield code="r">2009-06-30 00:00:00</subfield>
    <subfield code="v">35.00</subfield>
    <subfield code="w">2009-06-30</subfield>
    <subfield code="y">BOOK</subfield>
  </datafield>
</record>
